| 000 | 00561nam a22001697a 4500 | ||
|---|---|---|---|
| 082 |
_a297.2 _bDHA _cM |
||
| 100 |
_aDhalvi, Muhammad Kifayat ullah _951091 |
||
| 245 | _aکفا یت المفتی مع عنوانات | ||
| 260 |
_aKarachi, _bDaraul Ishaat, _c2001. |
||
| 300 | _a349p.364p.459p.410p.469p. | ||
| 526 |
_a0 _b0 _c0 _d297_200000000000000_DHA |
||
| 526 |
_a0 _b0 _c0 _d297_200000000000000_DHA |
||
| 526 |
_a0 _b0 _c0 _d297_200000000000000_DHA |
||
| 526 |
_a0 _b0 _c0 _d297_200000000000000_DHA |
||
| 526 |
_a0 _b0 _c0 _d297_200000000000000_DHA |
||
| 942 |
_2ddc _cBK |
||
| 999 |
_c553841 _d553841 |
||